000 00287nam a22001337a 4500
008 170602b xxu||||| |||| 00| 0 eng d
020 _a9780822322665
041 _aeng
080 _a94(100)
100 _a17
101 _aSHH
245 _aAFTER THE END
_cSCOTT,J.M
942 _2udc
_cBK
999 _c15779
_d15779